000 00923cab a2200253 4500
001 X83996
008 090401t1997 xxu||||| |||| 00| 0 eng d
035 _a(Sirsi) u78381
041 _aeng
245 _aWards Construction (Medway) Ltd v Kent County Council
260 _c1997
350 _a0
490 _aNew Property Cases
_v[1997] NPC 74
520 _aQBD 7 May 1997. Planning law. Highways agreement - Highways Act 1980 s.278 - whether illegal - Local Government Act 1972 s.111(1). Could Kent recover under a contract which was founded on an illegal purpose? NB. NO PHOTOCOPYING ALLOWED. "Headnote taken from journal".
650 _aHIGHWAYS
650 _aHIGHWAYS ACT 1980 S278
650 _aHOUSING DEVELOPMENT
650 _aLOCAL GOVERNMENT ACT 1972 S111(1)
650 _aPLANNING LAW
650 _aROUNDABOUT
690 _aPLANNING LAW AND PRACTICE-CASE LAW
942 _n0
948 _c16/05/1997
999 _c49332
_d49332